Taller de escritura

שמור ב:
מידע ביבליוגרפי
Main Authors: Condemarín Grimberg, Mabel (Author), Chadwick Weinstein, Mariana (Author)
פורמט: ספר
שפה:ספרדית
יצא לאור: Santiago Universitaria 1988
סדרה:Colección Apoyo escolar
נושאים:
תגים: הוספת תג
אין תגיות, היה/י הראשונ/ה לתייג את הרשומה!

MARC

LEADER 00000nam a2200000 a 4500
001 UCW6598
003 CL-VaPUC
008 920409e19880000CL |||||||||||||||||spa|d
082 0 4 |a 372.6  |b CON  |2 21 
100 0 |a Condemarín Grimberg, Mabel  |e author  |9 311603 
700 0 |a Chadwick Weinstein, Mariana  |e author  |9 311604 
245 1 0 |a Taller de escritura 
300 |a 182 p 
942 |c BK 
945 |d 19920409 00:00:00 
260 |a Santiago  |b Universitaria  |c 1988 
650 0 |a Escritura creativa  |9 311605 
650 0 |a Educación básica   |9 224933 
583 |a last modification  |c 19920409 00:00:00  |k Rodrigo Vera 
490 0 |a Colección Apoyo escolar 
999 |c 219589  |d 219587 
952 |0 0  |1 0  |4 0  |6 372_600000000000000_CON_1988  |7 0  |8 R  |9 210691  |a BIBEDU  |b BIBEDU  |c MCIRC  |d 2019-11-15  |i 2788993  |o 372.6 CON 1988  |p 2788993  |r 2023-01-13  |w 2019-11-15  |y BK_R  |k EDU 
952 |0 0  |1 0  |4 0  |6 372_600000000000000_CON_1988  |7 0  |8 R  |9 210692  |a BIBEDU  |b BIBEDU  |d 2019-11-15  |i 2789000  |o 372.6 CON 1988  |p 2789000  |r 2023-01-13  |w 2019-11-15  |y BK_R  |k EDU